000 00388 a2200145 4500
005 20250621084401.0
020 _a0-07-287747-2
082 _a330 SCH
100 _aSCHILLER, B. R.
245 _aEssential of Economics.
250 _a5th Ed.
260 _aNew York,
_bMcGraw-Hill/Irwin,
_c2003.
300 _axxvi, 418p.: ill.; figure, graph, table
_bGlossary & Index
_c28cm
942 _2ddc
_cBKS
999 _c439
_d439